| 000 | 01085nam a2200241Ii 4500 | ||
|---|---|---|---|
| 003 | JO-AjNU | ||
| 005 | 20240626132613.0 | ||
| 008 | 230605s9999||||xx |||||||||||||| ||und|| | ||
| 040 |
_aJO-AjNU _bara _erda _cJO-AjNU |
||
| 041 | _aara | ||
| 050 | 1 | 4 | _aKMM65.7 2022 |
| 100 | 1 |
_aحمزات، نور جميل حسين _eمعد _965695 |
|
| 245 | 1 |
_aالطبيعة القانونية لتقسيم المال الشائع وفقا لقانون الملكية العقارية =The Legal nature of common money division according to real estate law / _cاعداد نور جميل حسين حمزات؛ اشراف منتصر القضاة |
|
| 264 | 3 | 1 | _a 2022 |
| 300 | _a88 ورقة | ||
| 336 |
_atext _btxt _2rdacontent |
||
| 337 |
_aunmediated _bn _2rdamedia |
||
| 338 |
_avolume _bnc _2rdacarrier |
||
| 500 | _aرسالة جامعية(اطروحة ماجستير) تخصص القانون /كليةالحقوق جامعة عجلون الوطنية، 2022 | ||
| 650 | 4 |
_aالملكية العقارية _963550 |
|
| 700 | 1 |
_aالقضاة، منتصر _964973 _eمشرف |
|
| 942 |
_2lcc _cTHS |
||
| 999 |
_c32401 _d32401 |
||